Movies Quiz

Random Movies or Actor Quiz

Actors' Highest Rated Films 4 Quiz Stats

 Plays Quiz not verified by Sporcle

Score 0/60 Timer 10:00
0 Plays Today
% Correct
Gandhi (8.1)
89.3%
Pulp Fiction (8.9)
86.9%
The Silence of the Lambs (8.6)
86.9%
Annie Hall (8.1)
84.5%
The Social Network (7.7)
81%
Good Will Hunting (8.3)
81%
Casablanca (8.6)
79.8%
Manhattan (8.0)
73.8%
Argo (7.7)
73.8%
Zombieland (7.7)
67.9%
12 Years a Slave (8.1)
66.7%
Schindler's List (8.9)
65.5%
Gone Girl (8.1)
64.3%
Iron Man (7.1)
63.1%
Face/Off (7.3)
63.1%
Hannah and Her Sisters (8.0)
57.1%
The Maltese Falcon (8.1)
53.6%
Crash (7.8)
52.4%
The Elephant Man (8.2)
50%
Sherlock Holmes (7.6)
48.8%
The Town (7.6)
46.4%
Now You See Me (7.3)
45.2%
The Treasure of the Sierra Madre (8.3)
44%
Shutter Island (8.1)
44%
Boogie Nights (7.9)
40.5%
The Remains of the Day (7.9)
36.9%
Magnolia (8.0)
34.5%
Zootopia (8.1)
34.5%
Carrie (7.4)
33.3%
Crimes and Misdemeanors (8.0)
32.1%
% Correct
Gattaca (7.8)
31%
The Jungle Book (7.5)
31%
Dazed and Confused (7.7)
29.8%
Road to Perdition (7.7)
28.6%
Blow Out (7.4)
27.4%
Love and Death (7.8)
27.4%
Children of Men (7.9)
26.2%
Enemy at the Gates (7.6)
25%
The Big Sleep (8.0)
22.6%
Lucky Number Slevin (7.8)
21.4%
Finding Dory (7.5)
21.4%
Traffic (7.6)
20.2%
Doctor Strange (7.8)
20.2%
American Gangster (7.8)
20.2%
The Squid and the Whale (7.4)
19%
Carlito's Way (7.9)
17.9%
The Thin Red Line (7.6)
17.9%
The Lion in Winter (8.1)
17.9%
To Have and Have Not (8.1)
16.7%
The Martian (8.0)
16.7%
Beasts of No Nation (7.8)
15.5%
The Grand Budapest Hotel (8.1)
14.3%
The Count of Monte Cristo (7.7)
13.1%
The World's Fastest Indian (7.9)
13.1%
Serenity (8.0)
13.1%
Prisoners (8.1)
11.9%
The End of the Tour (7.3)
11.9%
August Rush (7.5)
8.3%
Maurice (7.7)
8.3%
Ray (7.7)
7.1%

You're not logged in!

Compare scores with friends on all Sporcle quizzes.
OR
Log In

Show Comments

Extras

Top Quizzes Today


Score Distribution

Your Account Isn't Verified!

In order to create a playlist on Sporcle, you need to verify the email address you used during registration. Go to your Sporcle Settings to finish the process.

Report this User

Report this user for behavior that violates our Community Guidelines.

Details: